Encyclopedia of compulsory purchase and compensation (Record no. 95584)
[ view plain ]
| 000 -LEADER | |
|---|---|
| fixed length control field | 01500cam a2200313 4500 |
| 001 - CONTROL NUMBER | |
| control field | ## |
| 008 - FIXED-LENGTH DATA ELEMENTS--GENERAL INFORMATION | |
| fixed length control field | 090401t1960 xxu||||| |||| 00| 0 eng d |
| 020 ## - INTERNATIONAL STANDARD BOOK NUMBER | |
| International Standard Book Number | 0421007508 |
| 035 ## - SYSTEM CONTROL NUMBER | |
| System control number | (Sirsi) u73379 |
| 041 0# - LANGUAGE CODE | |
| Language code of text/sound track or separate title | eng |
| 050 04 - LIBRARY OF CONGRESS CALL NUMBER | |
| Classification number | 711.14 $2 18 |
| 245 00 - TITLE STATEMENT | |
| Title | Encyclopedia of compulsory purchase and compensation |
| 260 ## - PUBLICATION, DISTRIBUTION, ETC. | |
| Place of publication, distribution, etc. | London |
| Name of publisher, distributor, etc. | Sweet and Maxwell |
| Date of publication, distribution, etc. | 1960- |
| 300 ## - PHYSICAL DESCRIPTION | |
| Extent | 3 |
| Type of unit | v. |
| Extent | (loose-leaf) |
| Dimensions | 25cm |
| 490 #0 - SERIES STATEMENT | |
| Series statement | Sweet and Maxwell Local Government Library |
| 505 2# - FORMATTED CONTENTS NOTE | |
| Formatted contents note | Statutes pre 1992 -- Statutes post 1991 -- Rules and orders -- Rate of interest after entry regulations -- Circulars -- Cases |
| 520 ## - SUMMARY, ETC. | |
| Summary, etc. | This two volume work considers all aspects of the law relating to compulsory purchase and compensation. Includes the full text of the appropriate legislation and case summaries. |
| 520 ## - SUMMARY, ETC. | |
| Summary, etc. | This looseleaf is up-to-date as at August 2009. We have cancelled our subscription and will remove this title from our collection when it becomes out-of-date. Please ask a member of staff for more details. |
| 650 24 - SUBJECT ADDED ENTRY--TOPICAL TERM | |
| Topical term or geographic name entry element | LAND COMPENSATION ACT 1961 |
| 650 24 - SUBJECT ADDED ENTRY--TOPICAL TERM | |
| Topical term or geographic name entry element | COMPULSORY PURCHASE ACT 1965 |
| 650 24 - SUBJECT ADDED ENTRY--TOPICAL TERM | |
| Topical term or geographic name entry element | LAND COMPENSATION ACT 1973 |
| 650 24 - SUBJECT ADDED ENTRY--TOPICAL TERM | |
| Topical term or geographic name entry element | ACQUISITION OF LAND ACT 1981 |
| 650 24 - SUBJECT ADDED ENTRY--TOPICAL TERM | |
| Topical term or geographic name entry element | ACQUISITION OF LAND (RATE OF INTEREST AFTER ENTRY) REGULATIONS 1995 |
| 651 #4 - SUBJECT ADDED ENTRY--GEOGRAPHIC NAME | |
| Geographic name | England and Wales |
| Chronological subdivision | 1543- |
| 690 ## - LOCAL SUBJECT ADDED ENTRY--TOPICAL TERM (OCLC, RLIN) | |
| Topical term or geographic name as entry element | ENVIRONMENTAL AND LAND CONSULTANCY-PLANNING AND DEVELOPMENT-COMPULSORY PURCHASE AND COMPENSATION |
| 700 1# - ADDED ENTRY--PERSONAL NAME | |
| Personal name | Brand, C. |
| Relator term | Editor |
| 942 ## - ADDED ENTRY ELEMENTS (KOHA) | |
| Suppress in OPAC | 0 |
| 948 ## - LOCAL PROCESSING INFORMATION (OCLC); SERIES PART DESIGNATOR (RLIN) | |
| c (OCLC) | 04/03/1997 |
| Withdrawn status | Lost status | Source of classification or shelving scheme | Damaged status | Not for loan | Home library | Current library | Shelving location | Date acquired | Total Checkouts | Full call number | Barcode | Date last seen | Copy number | Price effective from | Koha item type |
|---|---|---|---|---|---|---|---|---|---|---|---|---|---|---|---|
| Dewey Decimal Classification | London | London | Books | 09/10/2002 | 711.14 BRA Vol. 1 | 30076144 | 06/08/2019 | 1 | 06/08/2019 | Reference material | |||||
| Dewey Decimal Classification | London | London | Books | 09/10/2002 | 711.14 BRA Vol. 2 | 30043250 | 06/08/2019 | 1 | 06/08/2019 | Reference material | |||||
| Dewey Decimal Classification | London | London | Books | 25/06/2008 | 711.14 BRA VOL.3 | 30074495 | 06/08/2019 | 1 | 06/08/2019 | Reference material |